000 00696nam a2200289Ia 4500
005 20260324145343.0
008 008 260324s9999 xx 000 0 eng d
020 _a9781003144670
037 _aEBOOK
040 _aCRL
040 _beng
040 _cCRL
041 _2eng
041 _aeng
084 _qCRL
100 _aNicole Ball; Milton Leitenberg
_91222661
245 4 _aThe Structure of the Defense Industry
245 3 _bAn International Survey
260 _bTaylor and Francis
260 _c1983
365 _a
365 _b205
856 _uhttp://www.taylorfrancis.com/books/9781003144670
942 _cEBOOK
999 _c1830454
_d1830454